Introduction to education studies

Saved in:
Bibliographic Details
Main Author: Bartlett, Steve
Other Authors: Burton, Diana (Diana M.)
Format: Book
Language:English
Published: Los Angeles ; London : SAGE, [c2007]
Edition:2nd ed.
Subjects:
Tags: Add Tag
No Tags, Be the first to tag this record!

MARC

LEADER 00000cam a2200000 i 4500
001 1/97521
008 081118s2007 cau| | | |||| ||eng||
020 |a 9781412921947  
035 |l 10101744 
040 |a GR-MyUa  |b gre  |e AACR2 
041 0 |a eng 
082 7 |a 370.71   |2 (22) 
100 1 |a Bartlett, Steve. 
245 1 0 |a Introduction to education studies /   |c Steve Bartlett and Diana Burton. 
250 |a 2nd ed. 
260 |a Los Angeles ; London :   |b SAGE,   |c [c2007] 
300 |a 278 σ. ;   |c 23 εκ. 
504 |a Βιβλιογραφία: σ. [236]-263. Ευρετήριο. 
650 0 |a Education  |x Study and teaching. 
650 0 |a Student teaching. 
700 1 |a Burton, Diana   |q (Diana M.) 
767 0 8 |i Μεταφρασμένο ως:   |t Εισαγωγή στις επιστήμες της εκπαίδευσης /  
852 |a INST  |b RHODES  |e 20081118  |h 370.71 BAR  |p 005400031271  |q 005400031271  |t BK  |y 0 
901 |a BIBL4-2008-3 
922 |a 4ΕΛΗ  |b 200810  |c ΕΠΕΑΕΚ2/ΠΤΔΕ  |d ΜΙΧΑΛΟΠΟΥΛΟΣ 
970 |a ΚΟΖΑ  |b ΜΑΡΙΑ  |z 2008/11/18